00977cam a2200265 i 450000100090000000300040000900500170001300800410003001000170007102000420008804000280013004200080015805000260016608200230019210000300021524502040024526400550044930000440050433600210054833700250056933800230059450400510061765000170066870000260068517887468OSt20220922111213.0130916s2013 nyua b 001 0 eng  a 2013037544 a9780521766333 (hardback : alk. paper) aDLCbengcDLCerdadDLC apcc00aQA76.9.D343bZ36 201400a006.312223bZAK/D1 aZaki, Mohammed J.,d1971-10aData mining and analysis :bfundamental concepts and algorithms /cMohammed J. Zaki, Rensselaer Polytechnic Institute, Troy, New York, Wagner Meira, Jr., Universidade Federal de Minas Gerais, Brazil. 1aNew York, NY :bCambridge University Press,c2014. axi, 593 pages :billustrations ;c27 cm atext2rdacontent aunmediated2rdamedia avolume2rdacarrier aIncludes bibliographical references and index. 0aData mining.1 aMeira, Wagner,d1967-